000 01368cam a22002651 4500
001 gs 28000440
003 DLC
005 20260227111333.0
008 911112s1928 ag af b 000 0 spa c
010 _ags 28000440
035 _a(OCoLC)24767342
040 _aLibrary, U. S. Geological Survey
_cTxU
_dTxU
_dDLC
042 _apremarc
050 0 0 _aQE231
_b.A35 no. 39
100 1 _aBeder, Robert,
_d1885-
245 1 3 _aLa Sierra de Guasayán y sus alrededores. Una contribución a la geología e hidrología de la provincia de Santiago del Estero,
_cpor Roberto Beder ...
260 _aBuenos Aires,
_bTalleres gráficos del Ministerio de agricultura de la nación,
_c1928.
300 _a171 p. incl. illus., 8 pl., tables.
_c27 cm.
490 1 _a[Argentine Republic] Dirección general de minas, geología e hidrología. Publicación
_vno. 39
500 _aAt head of title: República Argentina. Ministerio de agricultura de la nación.
501 _aWith : Datos hidrológicos del Desierto de Atacama (Territorio nacional de Los Andes). Buenos Aires : Talleres gráficos del Ministerio de agricultura de la nación,1927. Bound together subsequent to publication.
_5DLC
504 _aBibliographical foot-notes.
650 0 _aGeology
_zArgentina
_zSierra de Guasayán.
810 1 _aArgentina.
_bDirección General de Minas y Geología.
_tPublicación ;
_vno. 39.
999 _c26680
_d26680